000 00499nam a22001697a 4500
003 OSt
005 20251028122119.0
008 251028b |||||||| |||| 00| 0 eng d
040 _cMRSPTU
041 _aENG
100 _aGupta, Ankur
245 _aModel Order Reduction of Large Scale System & Controller Design
260 _aBathinda
_bMRSPTU
_c2021
650 _aElectronics and Communication Engineering
856 _uhttp://163.47.215.52:8080/jspui/handle/123456789/380
942 _2ddc
_cTH
_n0
999 _c10598
_d10598